000 00493cam a2200193 4500
001 B2185
008 090401t1989 xxu||||| |||| 00| 0 eng d
035 _a(Sirsi) u48578
041 _aeng
050 _a333.337094212
110 _aBaker Harris Saunders
245 2 _aA city of two tales: City of London property market report 1989
260 _aLondon
_bBaker Harris Saunders
_c1989
300 _a24p. ; 30cm.
350 _a0
650 _aOFFICES
942 _n0
948 _c04/03/1997
999 _c92368
_d92368